Sports Quiz

Random Sports or NCAA Quiz

NCAA Division 1 Mid-Majors Quiz Stats

 Plays Quiz not verified by Sporcle

Score 0/264 Timer 20:00
0 Plays Today
Conference University % Correct
IvyHarvard
95.1%
IvyPrinceton
93.1%
Mountain WestAir Force
92.2%
IvyBrown
92.2%
IvyCornell
91.2%
IvyYale
91.2%
Mid-AmericanAkron
89.2%
PatriotNavy
89.2%
IvyDartmouth
89.2%
Southwestern AthleticSouthern
88.2%
Big SkyNorth Dakota
88.2%
West CoastSan Diego
88.2%
Mid-AmericanToledo
88.2%
Mountain WestNew Mexico
87.3%
Big SkyMontana St
87.3%
Missouri ValleyDrake
87.3%
C-USATexas El Paso
87.3%
Mountain WestUtah St
87.3%
IvyColumbia
87.3%
Big SkyMontana
87.3%
IvyPennsylvania
87.3%
The SummitSouth Dakota
87.3%
PatriotUnited States Military Academy
87.3%
America EastAlbany
86.3%
Sun BeltFAU
86.3%
Mid-AmericanWestern Michigan
86.3%
Mountain WestWyoming
86.3%
Mid-AmericanCentral Michigan
86.3%
American EastMaine
86.3%
Mid-AmericanEastern Michigan
86.3%
Mid-AmericanOhio
85.3%
Mountain WestBoise St
85.3%
Sun BeltWestern Kentucky
85.3%
The SummitSouth Dakota St
85.3%
America EastVermont
85.3%
Missouri ValleySouthern Illinois
85.3%
Mid-AmericanNorthern Illinois
85.3%
America EastNew Hampshire
85.3%
The SummitNorth Dakota State
85.3%
American AthleticHouston
85.3%
C-USAFlorida International
85.3%
Western AthleticIdaho
85.3%
Mid-AmericanBall St
85.3%
Mountain WestSan Diego St
85.3%
West CoastGonzaga
85.3%
C-USAUAB
84.3%
Mid-AmericanBuffalo
84.3%
Atlantic 10George Mason
84.3%
Big WestHawaii
84.3%
Mid-AmericanKent St
84.3%
Sun BeltLouisiana Lafayette
84.3%
Western AthleticNew Mexico St
84.3%
Sun BeltSouth Alabama
84.3%
Mountain WestNevada Las Vegas
84.3%
West CoastPortland
84.3%
Ohio ValleyEastern Kentucky
84.3%
Atlantic 10Saint Louis
84.3%
PatriotLehigh
83.3%
Atlantic 10Dayton
83.3%
C-USARice
83.3%
Big SouthVirginia Military Institute
83.3%
C-USATulane
83.3%
Big SkyIdaho State
83.3%
PatriotAmerican
83.3%
Atlantic 10UMass
82.4%
Mid-AmericanBowling Green
82.4%
Ohio ValleyTennessee Tech
82.4%
Big SkyNorthern Arizona
82.4%
Atlantic SunFlorida Gulf Coast
82.4%
Metro Atlantic AthleticSiena
82.4%
Sun BeltLouisiana Monroe
82.4%
Atlantic 10Virginia Commonwealth
82.4%
C-USATexas San Antonio
82.4%
West CoastSan Francisco
82.4%
C-USATulsa
82.4%
Missouri ValleyWichita St
82.4%
NortheastLIU
81.4%
Ohio ValleyEastern Illinois
81.4%
Atlantic 10Rhode Island
81.4%
The SummitWestern Illinois
81.4%
Ohio ValleyMurray St
81.4%
West CoastBrigham Young
81.4%
Missouri ValleyMissouri St
81.4%
Atlantic 10St Bonaventure
81.4%
Mid-Eastern AthleticFlorida A&M
81.4%
Missouri ValleyIndiana St
81.4%
Sun BeltGeorgia St
80.4%
PatriotBoston
80.4%
Conference University % Correct
Missouri ValleyNorthern Iowa
80.4%
Big SkyEastern Washington
80.4%
PatriotLafayette
80.4%
Missouri ValleyEvansville
80.4%
Southwestern AthleticAlabama A&M
80.4%
The SummitIndiana Purdue Indianapolis
80.4%
Atlantic SunJacksonville
80.4%
West CoastPepperdine
80.4%
Ohio ValleyTennessee St
80.4%
Colonial AthleticDelaware
80.4%
Mid-Eastern AthleticSouth Carolina St
80.4%
Mid-AmericanMiami
80.4%
Mountain WestNevada Reno
80.4%
C-USALouisiana Tech
80.4%
Sun BeltTexas St
80.4%
Atlantic 10George Washington
80.4%
HorizonDetroit
80.2%
Mountain WestColorado State
79.4%
C-USASouthern Mississippi
79.4%
Big WestCalifornia Irvine
79.4%
HorizonWisconsin Milwaukee
79.4%
Southwestern AthleticAlabama St
79.4%
Ohio ValleyMorehead St
79.4%
Metro Atlantic AthleticIona
79.4%
Atlantic 10La Salle
79.4%
HorizonOakland
79.4%
Mid-Eastern AthleticHoward
79.4%
HorizonYoungstown St
79.4%
Big SouthNorth Carolina Asheville
78.4%
HorizonCleveland St
78.4%
C-USANorth Texas
78.4%
Mountain WestCalifornia State Fresno
78.4%
C-USAMarshall
78.4%
Sun BeltArkansas St
78.4%
Big SkyPortland St
78.4%
Metro Atlantic AthleticManhattan
78.4%
America EastStony Brook
78.4%
PatriotHoly Cross
78.4%
Colonial AthleticNortheastern
77.5%
Colonial AthleticCollege of Charleston
77.5%
HorizonWisconsin Green Bay
77.5%
Mid-Eastern AthleticHampton
77.5%
Colonial AthleticJames Madison
77.5%
Southwestern AthleticTexas Southern
77.5%
West CoastLoyola Marymount
77.5%
NortheastRobert Morris
77.5%
C-USAMiddle Tennessee St
77.5%
Ohio ValleyBelmont
77.5%
Big SkyWeber St
77.5%
Metro Atlantic AthleticMarist
77.5%
Western AthleticSeattle
77.5%
SouthlandLamar
76.5%
Missouri ValleyLoyola Chicago
76.5%
SouthernDavidson
76.5%
Southwestern AthleticGrambling State
76.5%
Ohio ValleyJacksonville St
76.5%
PatriotBucknell
76.5%
SouthlandNew Orleans
76.5%
Mid-Eastern AthleticNorfolk St
76.5%
Atlantic 10Richmond
76.5%
America EastHartford
76.5%
Mid-Eastern AthleticDelaware St
76%
America EastUMBC
75.5%
Metro Atlantic AthleticFairfield
75.5%
C-USAEast Carolina
75.5%
Sun BeltArkansas Little Rock
75.5%
Big WestCalifornia State Long Beach
75.5%
Big WestCalifornia Santa Barbara
75.5%
Atlantic SunSouth Carolina Upstate
75.5%
Sun BeltTroy
75.5%
Atlantic 10Fordham
74.5%
Big WestUC Davis
74.5%
The SummitDenver
74.5%
Big WestCalifornia State Fullerton
74.5%
PatriotColgate
74.5%
Southwestern AthleticMississippi Valley St
74.5%
Atlantic SunEast Tennessee St
74.5%
SouthernWofford
74.5%
SouthernGeorgia Southern
74.5%
SouthernTennessee Chattanooga
73.5%
HorizonIllinois Chicago
73.5%
Ohio ValleyAustin Peay St
73.5%
HorizonWright State
73.5%
Atlantic SunNorth Florida
73.5%
Metro Atlantic AthleticNiagara
73.5%
C-USAOld Dominion
73.5%
Atlantic 10Duquesne
73.5%
Colonial AthleticTowson
73.5%
Conference University % Correct
SouthlandOral Roberts
73.5%
HorizonValparaiso
73.5%
Colonial AthleticWilliam & Mary
73.5%
Mid-Eastern AthleticMorgan St
72.5%
SouthernThe Citadel
72.5%
C-USANorth Carolina Charlotte
72.5%
Big SouthCoastal Carolina
72.5%
Big SkyNorthern Colorado
72.5%
SouthernNorth Carolina Greensboro
72.5%
Southwestern AthleticJackson St
72.5%
Missouri ValleyIllinois St
72.5%
Missouri ValleyBradley
72.5%
Southwest AthleticArkansas Pine Bluff
72.5%
Mountain WestSan Jose St
72.5%
West CoastSanta Clara
72.5%
America EastBinghamton
72.5%
Colonial AthleticNorth Carolina Wilmington
72.5%
Mid-Eastern AthleticCoppin St
71.6%
Western AthleticChicago St
71.6%
SouthlandCentral Arkansas
71.6%
Mid-Eastern AthleticBethune-Cookman
71.6%
Big WestCalifornia State Northridge
71.6%
Big WestCalifornia Riverside
71.6%
SouthernWestern Carolina
70.6%
SouthernElon
70.6%
SouthlandSam Houston St
70.6%
Western AthleticMissouri Kansas City
70.6%
Ohio ValleyTennessee Martin
70.6%
Western AthleticUtah Valley
70.6%
Big SouthRadford
70.6%
Big SkyCalifornia State Sacramento
70.6%
Big WestCalifornia Polytechnic St
70.6%
Mid-Eastern AthleticSavannah St
70.6%
Atlantic SunStetson
69.6%
Mid-Eastern AthleticNorth Carolina A&T
69.6%
Metro Atlantic AthleticRider
69.6%
NortheastCentral Connecticut St
69.6%
Colonial AthleticDrexel
69.6%
Ohio ValleySoutheast Missouri St
68.6%
Mid-Eastern AthleticNorth Carolina Central
68.6%
The SummitIndiana Purdue Fort Wayne
68.6%
NortheastFairleigh Dickinson
68.6%
Big SouthLiberty
68.6%
SouthlandNorthwestern St
68.6%
IndependentNew Jersey Institute of Technology
68.6%
Mid-Eastern AthleticMaryland Eastern Shore
68.6%
Western AthleticCal State Bakersfield
67.6%
PatriotLoyola Maryland
67.6%
SouthernAppalachian St
67.6%
Big SouthCharleston Southern
67.6%
West CoastPacific
67.6%
Metro Atlantic AthleticCanisius
66.7%
SouthlandTexas A&M Corpus Christi
66.7%
Metro Atlantic AthleticQuinnipiac
66.7%
Atlantic SunMercer
66.7%
West CoastSaint Mary's
66.7%
SouthlandStephen F. Austin
66.7%
Big SouthGardner-Webb
65.7%
Big SkySouthern Utah
65.7%
SouthlandHouston Baptist
65.7%
Metro Atlantic AthleticMonmouth
65.7%
Sun BeltTexas Arlington
64.7%
Big SouthCampbell
64.7%
Big SouthPresbyterian
64.7%
Metro Atlantic AthleticSaint Peter's
64.7%
NortheastWagner
64.7%
SouthlandSoutheastern Louisiana
63.7%
Colonial AthleticHofstra
63.7%
Ohio ValleySouthern Illinois University Edwardsville
62.7%
NortheastSacred Heart
62.7%
Big SouthLongwood
62.7%
SouthernFurman
62.7%
SouthernSamford
62.7%
Southwestern AthleticAlcorn St
62.7%
Big SouthHigh Point
61.8%
SouthlandMcNeese St
61.8%
Big SouthWinthrop
61.8%
NortheastBryant
61.8%
SouthlandNicholls St
61.8%
NortheastMount St. Mary's
59.8%
Atlantic 10Saint Joseph's
59.8%
Atlantic SunLipscomb
58.8%
NortheastSt Francis
57.8%
Western AthleticTexas Pan American
57.8%
Atlantic SunKennesaw St
57.8%
Southwestern AthleticPrairie View A&M
56.9%
HorizonNorthern Kentucky
52.4%
NortheastSaint Francis
46.1%

You're not logged in!

Compare scores with friends on all Sporcle quizzes.
OR
Log In

Show Comments

Extras

Top Quizzes Today


Score Distribution

Your Account Isn't Verified!

In order to create a playlist on Sporcle, you need to verify the email address you used during registration. Go to your Sporcle Settings to finish the process.

Report this User

Report this user for behavior that violates our Community Guidelines.

Details: